000 00639nam a2200253Ia 4500
008 160803s9999 xx 000 0 und d
020 _a0 59009887X
100 _aHoban, Russell
245 _aBedtime for Frances /
245 _cby Russell Hoban ; pictures by Garth Williams.
260 _aNew York :
260 _bScholastic Inc.
260 _c1960
300 _a28 unnumbered pages :
300 _bcolor illustrations ;
300 _c23 cm
650 _aBadgers --
650 _aBedtime --
650 _aFear of the dark --
650 _xFiction.
650 _xFiction.
650 _xFiction.
700 _a360
999 _c299383
_d299383